000
00240nam a2200097Ia 4500
008
240331s9999 xx 000 0 und d
082
_b
WOM
100
_a
Women's Federation . ed
245
0
_a
Women in the German Democratic Republic
942
_c
L
999
_c
1858
_d
1858